| 000 | 01084nam0a22002411 4500 | ||
|---|---|---|---|
| 001 | rc\2142553 | ||
| 005 | 20250623002955.0 | ||
| 035 | _a(NLR Aleph) 006491847 | ||
| 090 |
_a6140820 _c6140820 |
||
| 100 | _a20110829d1979 |||y0rusy50 ca | ||
| 101 | 0 | _arus | |
| 102 | _aRU | ||
| 105 | _ay ac ||||| | ||
| 200 | 1 |
_aА.К. Воронский в Иваново-Вознесенской печати (1918-1926) _eБиблиогр. указ. _f[Сост. д. филол. н., проф. П.В. Куприяновский] |
|
| 210 |
_aИваново _cИван. гос. ун-т _d1979 |
||
| 215 |
_a23 с. _d20 |
||
| 300 | _aВ надзаг.: М-во высш. и сред. спец. образования РСФСР, Иван. гос. ун-т им. Первого в России Иваново-Вознесен. общегор. Совета рабочих депутатов | ||
| 700 | 1 |
_aКуприяновский _bП.В. _f1919- _gПавел Вячеславович |
|
| 801 | 0 |
_aRU _bNLR _gpsbo |
|
| 801 | 1 |
_aRU _bELAR _2rusmarc |
|
| 852 |
_aNLR _jС К-1/1259 |
||
| 942 | _cBOOK | ||
| 980 | _aNB | ||